Nonlinear functional analysis and differential equations : proceedings og the Michigan State University conference

Αποθηκεύτηκε σε:
Λεπτομέρειες βιβλιογραφικής εγγραφής
Άλλοι συγγραφείς: Cesari, Lamberto (Επιμελητής έκδοσης), Kannan, Rangachary (Επιμελητής έκδοσης), Schuur, Jerry D. (Επιμελητής έκδοσης)
Μορφή: Βιβλίο
Γλώσσα:English
Δημοσίευση: New York : Marcel Dekker, c1976.
Σειρά:(Lecture notes in pure and applied mathematics ; 19)
Θέματα:
Ετικέτες: Προσθήκη ετικέτας
Δεν υπάρχουν, Καταχωρήστε ετικέτα πρώτοι!

MARC

LEADER 00000cam a2200000 i 4500
001 1/48235
008 950727s1976 nyu ||| | eng||
020 |a 0824764528 
035 |1 ΕΛΗ  |a 1995  |b 1807  |c ΑΥΓΕΡΙΝΟΣ  |l 10043282 
040 |a GR-MyUA  |b gre  |e AACR2 
041 0 |a eng 
082 0 |a 515.35  
245 1 0 |a Nonlinear functional analysis and differential equations :   |b proceedings og the Michigan State University conference /   |c edited by Lamberto Cesari, Rangachary Kannan, Jerry D. Schnur.  
260 |a New York :   |b Marcel Dekker,   |c c1976.  
300 |a xii, 352 σ. ;   |c 26 εκ.  
490 1 |a (Lecture notes in pure and applied mathematics   |v ; 19) 
504 |a Περιέχει βιβλιογραφικές αναφορές.  
650 0 0 |a Differential equations, Nonlinear  |x Congresses. 
650 0 0 |a Boundary value problems  |x Congresses. 
650 0 0 |a Nonlinear functional analysis  |x Congresses. 
700 1 |a Cesari, Lamberto,  |e edt 
700 1 |a Kannan, Rangachary,  |e edt 
700 1 |a Schuur, Jerry D.  |e edt 
852 |a INST  |b SAMOS  |e 19950727  |h 515.35 NON  |p 005300012049  |q 005300012049  |t BK  |y 0 
901 |a BIBL-1997-2 
909 |a Σ  |b 051495